Capital to Country#1 - Statistics

General Stats
  • This quiz has been taken 369 times
    348 since last reset
  • The average score is 13 of 15
Answer Stats
Capital Country % Correct
Paris France
100%
Berlin Germany
94%
Washington DC USA
94%
Rome Italy
93%
Moscow Russia
93%
Athens Greece
92%
Ottawa Canada
91%
Brasilia Brazil
90%
London UK
90%
Bangkok Thailand
85%
Cape town,Pretoria,Bloemfontein South africa
83%
Warsaw Poland
82%
Canberra Australia
81%
Vienna Austria
81%
Prague Czech republic
71%
No matching quizzes found
Score Distribution
Percent of People with Each Score
Percentile by Number Answered
Your Score History
You have not taken this quiz since the last reset